000 00297nam a2200109Ia 4500
008 201216s9999 xx 000 0 und d
100 _aBaughman, E Earl
245 0 _aPersonality: The psychological study of the individual
260 _aEnglewood Cliffs
_bPrentice Hall
300 _a659
942 _cBK
999 _c6437
_d6437